Statystyki dla Państwa, których walutą jest euro

Kliknij tutaj aby rozwiązać quiz!

Ogólne statystyki

  • Ten quiz został rozwiązany 147 razy
  • Średni wynik to 19 z 24

Statystyki odpowiedzi

członek UEPaństwo% Poprawnych
TAKNiemcy
99%
TAKFrancja
93%
TAKHiszpania
93%
TAKWłochy
93%
TAKHolandia
90%
TAKPortugalia
90%
TAKBelgia
87%
TAKGrecja
87%
TAKAustria
86%
TAKSłowacja
86%
TAKEstonia
83%
TAKLitwa
83%
TAKŁotwa
83%
TAKLuksemburg
80%
TAKSłowenia
79%
NIEAndora
76%
TAKIrlandia
74%
NIEWatykan
73%
NIESan Marino
72%
TAKMalta
71%
NIEMonako
64%
NIECzarnogóra
60%
TAKCypr
57%
NIEKosowo
56%

Rozkład punktacji

Percentyl według liczby udzielonych odpowiedzi

Procent ludzi z każdym wynikiem

Twoja historia wyników

Nie rozwiązałeś tego quizu